Fr. Conceicao Rodrigues College of Engineering

Programming for education (Record no. 33244)

MARC details
000 -LEADER
fixed length control field 00313nam a2200145Ia 4500
082 ## - DEWEY DECIMAL CLASSIFICATION NUMBER
Classification number 1.642
Item number HALL
100 ## - MAIN ENTRY--PERSONAL NAME
Personal name Hall/Patrick
245 ## - TITLE STATEMENT
Title Programming for education
260 ## - PUBLICATION, DISTRIBUTION, ETC.
Name of publisher, distributor, etc. Sunshine Books
Place of publication, distribution, etc. London
Date of publication, distribution, etc. 38
300 ## - PHYSICAL DESCRIPTION
Extent 209
546 ## - LANGUAGE NOTE
Language note ENGLISH
650 ## - SUBJECT ADDED ENTRY--TOPICAL TERM
Topical term or geographic name entry element English
654 ## - SUBJECT ADDED ENTRY--FACETED TOPICAL TERMS
Focus term programming
942 ## - ADDED ENTRY ELEMENTS (KOHA)
Koha item type BOOK
Holdings
Withdrawn status Lost status Damaged status Not for loan Collection Home library Current library Shelving location Date acquired Total Checkouts Full call number Barcode Date last seen Price effective from Koha item type
        CRC Fr. Agnel's C.Rodrigues College of Engineering Fr. Agnel's C.Rodrigues College of Engineering   17/03/2023   1.642 HALL 2138 17/03/2023 17/03/2023 BOOK